[Event "Zonal Amazonas 2013"]
[Site "Manaus"]
[Date "2013.06.22"]
[Round "5.9"]
[White "Bernardino, Hugo Barros"]
[Black "Silveira, Lorensen Willer Soa"]
[Result "1-0"]
[WhiteElo "1856"]
[BlackElo "1780"]
[PlyCount "59"]
[EventDate "2013.06.09"]
[EventRounds "6"]
[EventCountry "BRA"]
[SourceDate "2005.09.12"]

1. Nf3 Nc6 2. g3 e5 3. d3 d6 4. Bg2 Nf6 5. O-O Be7 6. Nbd2 O-O 7. e4 Bg4 8. c3
h6 9. Nc4 Qd7 10. Ne3 Bh3 11. Nh4 Bxg2 12. Nhxg2 d5 13. exd5 Nxd5 14. Qb3 Nxe3
15. Bxe3 Na5 16. Qc2 Rfd8 17. Rad1 Nc6 18. f4 exf4 19. Nxf4 Bg5 20. h4 Bxf4 21.
Bxf4 Rac8 22. d4 Qd5 23. b3 Ne7 24. c4 Qc6 25. Qf2 b6 26. Bxh6 Qg6 27. Bf4 Nc6
28. d5 Nb4 29. Qd2 Nc2 30. Rf2 1-0

[Event "Zonal Amazonas 2013"]
[Site "Manaus"]
[Date "2013.06.22"]
[Round "5.10"]
[White "Rodolpho Filho, Joao"]
[Black "De Pontes E Souza, Jose Geraldo"]
[Result "0-1"]
[WhiteElo "1782"]
[BlackElo "1848"]
[PlyCount "146"]
[EventDate "2013.06.09"]
[EventRounds "6"]
[EventCountry "BRA"]
[SourceDate "2005.09.12"]

1. d4 Nf6 2. c4 g6 3. Nc3 Bg7 4. e4 d6 5. Nf3 O-O 6. Be2 e5 7. dxe5 dxe5 8.
Qxd8 Rxd8 9. O-O c6 10. Bg5 Re8 11. Rfd1 h6 12. Be3 Ng4 13. Bc5 Na6 14. Ba3 Nf6
15. b4 Bg4 16. b5 Nc7 17. bxc6 bxc6 18. Rab1 Ne6 19. h3 Bxf3 20. Bxf3 Nd4 21.
Bc5 Nxf3+ 22. gxf3 Nh5 23. Rb7 a5 24. Rdd7 Bf8 25. Na4 f5 26. Bxf8 Rxf8 27. Nc5
fxe4 28. Rd6 Rf6 29. Nxe4 Rxd6 30. Nxd6 Nf4 31. Kh2 Rd8 32. Nf7 Rd2 33. Nxe5 g5
34. Rb8+ Kg7 35. Rb7+ Kf6 36. Ng4+ Kg6 37. Ne5+ Kf5 38. Ng4 h5 39. Ne3+ Ke6 40.
c5 Rxf2+ 41. Kg3 Re2 42. Rb3 Rxa2 43. h4 Ne2+ 44. Kh3 gxh4 45. Kxh4 Nd4 46. Rd3
Nxf3+ 47. Kxh5 Rh2+ 48. Kg4 Ne5+ 49. Kg3 Nxd3 50. Kxh2 Nxc5 51. Kg2 a4 52. Nc2
Kd5 53. Kf2 Kc4 54. Ke2 Kc3 55. Kd1 Kb2 56. Kd2 a3 57. Nb4 a2 58. Nc2 a1=Q 59.
Nxa1 Kxa1 60. Kc1 Ka2 61. Kc2 Ka3 62. Kc3 Ka4 63. Kc4 Nd7 64. Kc3 Kb5 65. Kb3
Nf6 66. Kc2 Kc4 67. Kd2 c5 68. Kc2 Ne4 69. Kb2 Kd3 70. Kc1 c4 71. Kd1 Ng3 72.
Kc1 Ne2+ 73. Kd1 c3 0-1

[Event "Zonal Amazonas 2013"]
[Site "Manaus"]
[Date "2013.06.22"]
[Round "5.12"]
[White "Braga Neto, Antenor De Carvalh"]
[Black "Benayon, Elismar Da Silva"]
[Result "0-1"]
[WhiteElo "1629"]
[BlackElo "1854"]
[PlyCount "87"]
[EventDate "2013.06.09"]
[EventRounds "6"]
[EventCountry "BRA"]
[SourceDate "2005.09.12"]

1. Nf3 d5 2. c4 d4 3. b3 Nc6 4. Bb2 e5 5. Qc2 Nf6 6. d3 Bb4+ 7. Nbd2 O-O 8. g3
Bf5 9. a3 Bxd2+ 10. Nxd2 Re8 11. Bg2 Qd7 12. h3 Rab8 13. O-O-O a5 14. g4 Bg6
15. f3 b5 16. Ne4 Nxe4 17. dxe4 b4 18. a4 Qe7 19. h4 h5 20. Qd2 Rbd8 21. Kb1
Na7 22. Bc1 c5 23. Qe1 Qe6 24. Qg3 f6 25. Bh3 Qf7 26. Bg2 Nc6 27. Rd3 Rd6 28.
Kb2 Red8 29. Rg1 Kf8 30. Bh3 Kg8 31. gxh5 Bxh5 32. Bh6 g6 33. Bg4 Bxg4 34. fxg4
Ne7 35. Rf1 Qh7 36. Bc1 g5 37. hxg5 Qxe4 38. Rxf6 Qxe2+ 39. Rd2 Qe4 40. Rdf2
Ng6 41. Qh2 d3 42. Qh6 d2 43. Bxd2 Rxd2+ 44. Rxd2 0-1

[Event "Zonal Amazonas 2013"]
[Site "Manaus"]
[Date "2013.06.23"]
[Round "6.1"]
[White "Reis, Renan Do Carmo"]
[Black "Jacinto Junior, Nelson Bezerra"]
[Result "1-0"]
[WhiteElo "2266"]
[BlackElo "2091"]
[PlyCount "73"]
[EventDate "2013.06.09"]
[EventRounds "6"]
[EventCountry "BRA"]
[SourceDate "2005.09.12"]

1. e4 e6 2. d4 d5 3. Nc3 Nf6 4. Bg5 Be7 5. e5 Nfd7 6. Bxe7 Qxe7 7. Qd2 a6 8. f4
c5 9. Nf3 Nc6 10. O-O-O b5 11. dxc5 Qxc5 12. Kb1 O-O 13. Bd3 Nb6 14. Bxh7+ Kxh7
15. Ng5+ Kg8 16. Qd3 f5 17. exf6 Rxf6 18. Qh7+ Kf8 19. Qh8+ Ke7 20. Qxg7+ Kd8
21. Qxf6+ Kc7 22. Nxe6+ Bxe6 23. Qxe6 Rd8 24. Rhe1 b4 25. Ne2 Nc4 26. Nc1 Rd6
27. Qg8 a5 28. Nb3 Qf2 29. Qg3 Qb6 30. Nd2 Nxd2+ 31. Rxd2 a4 32. f5 Qc5 33. f6
Nd8 34. Qf2 Qc6 35. Re7+ Kc8 36. Qf5+ Kb8 37. f7 1-0

[Event "Zonal Amazonas 2013"]
[Site "Manaus"]
[Date "2013.06.23"]
[Round "6.3"]
[White "Souza Neves, Andrey M"]
[Black "De Oliveira Freitas, Reinier Al"]
[Result "1-0"]
[WhiteElo "2174"]
[BlackElo "1862"]
[PlyCount "20"]
[EventDate "2013.06.09"]
[EventRounds "6"]
[EventCountry "BRA"]
[SourceDate "2005.09.12"]

1. e4 e5 2. Nf3 d5 3. Nxe5 Bd6 4. d4 Bxe5 5. dxe5 Nc6 6. Bb5 Bd7 7. O-O dxe4 8.
Nc3 Nge7 9. Qh5 g6 10. Nxe4 Nd4 1-0

[Event "Zonal Amazonas 2013"]
[Site "Manaus"]
[Date "2013.06.23"]
[Round "6.4"]
[White "De Oliveira, Victor Gabriel C"]
[Black "Rocha, Roberto Da Costa"]
[Result "0-1"]
[WhiteElo "2052"]
[BlackElo "2010"]
[PlyCount "82"]
[EventDate "2013.06.09"]
[EventRounds "6"]
[EventCountry "BRA"]
[SourceDate "2005.09.12"]

1. d4 d5 2. Nf3 e6 3. c4 c6 4. Qc2 Nf6 5. e3 Nbd7 6. Nc3 Be7 7. b3 a5 8. Bd3 b6
9. Ne5 Bb7 10. O-O Qc7 11. f4 Rc8 12. Bb2 h5 13. h3 Bb4 14. f5 Bxc3 15. Bxc3 c5
16. fxe6 fxe6 17. Bg6+ Ke7 18. Nxd7 Qxd7 19. dxc5 bxc5 20. cxd5 Qxd5 21. e4 Qg5
22. e5 Qe3+ 23. Rf2 Ne4 24. Bxe4 Bxe4 25. Qd2 Qxd2 26. Rxd2 Ra8 27. Rad1 Bd5
28. Kf2 Rhb8 29. Rd3 a4 30. Rg3 axb3 31. axb3 Rxb3 32. Rxg7+ Kf8 33. Rg3 Ra2+
34. Bd2 Rbb2 35. Ke1 Ke8 36. Rg5 Bb3 37. Rg8+ Kf7 38. Rd8 Bxd1 39. Kxd1 c4 40.
g4 hxg4 41. hxg4 Rb1+ 0-1

[Event "Zonal Amazonas 2013"]
[Site "Manaus"]
[Date "2013.06.23"]
[Round "6.5"]
[White "Da Paz, Leonardo Gadelha"]
[Black "Bernardino, Hugo Barros"]
[Result "1/2-1/2"]
[WhiteElo "1984"]
[BlackElo "1856"]
[PlyCount "123"]
[EventDate "2013.06.09"]
[EventRounds "6"]
[EventCountry "BRA"]
[SourceDate "2005.09.12"]

1. d4 Nf6 2. Nf3 g6 3. c4 Bg7 4. Nc3 O-O 5. g3 d6 6. Bg2 Nbd7 7. O-O e5 8. e3
c6 9. b3 Re8 10. dxe5 dxe5 11. Bb2 e4 12. Ng5 Qa5 13. h4 Nc5 14. Rb1 Nd3 15.
Ba1 Bf5 16. Qc2 Nb4 17. Qe2 h6 18. Nh3 Bg4 19. Qb2 Qf5 20. Kh2 Nd3 21. Qc2 Ne5
22. Ng1 Nf3+ 23. Nxf3 exf3 24. Qxf5 Bxf5 25. Bxf3 Bxb1 26. Rxb1 Rad8 27. b4 Rd2
28. Kg1 Nd7 29. Ne4 Rxa2 30. Bxg7 Kxg7 31. Nd6 Rb8 32. b5 cxb5 33. cxb5 b6 34.
Rc1 Ne5 35. Bd5 Rd2 36. e4 Rxf2 37. Rc7 Rf6 38. Nc8 g5 39. h5 g4 40. Ne7 Rf3
41. Nf5+ Rxf5 42. exf5 Kf6 43. Rxa7 Rd8 44. Be4 Rd4 45. Bc6 Kxf5 46. Rb7 Rc4
47. Rxb6 Nxc6 48. bxc6 Kg5 49. Rb5+ f5 50. Rb6 Kxh5 51. Kf2 Rc3 52. Ke2 Kg5 53.
Kd2 Rc5 54. Ke3 h5 55. Kd4 Rc1 56. Ke5 Re1+ 57. Kd6 h4 58. gxh4+ Kxh4 59. Rb5
g3 60. Rxf5 g2 61. Rf8 Rd1+ 62. Ke7 1/2-1/2

[Event "Zonal Amazonas 2013"]
[Site "Manaus"]
[Date "2013.06.23"]
[Round "6.6"]
[White "De Pontes E Souza, Jose Geraldo"]
[Black "Gutierrez, Enrique Alberto Sot"]
[Result "1-0"]
[WhiteElo "1848"]
[BlackElo "1919"]
[PlyCount "119"]
[EventDate "2013.06.09"]
[EventRounds "6"]
[EventCountry "BRA"]
[SourceDate "2005.09.12"]

1. e4 d6 2. d4 f5 3. Nc3 Nf6 4. Bd3 fxe4 5. Nxe4 Be6 6. Nxf6+ exf6 7. Qh5+ Bf7
8. Qb5+ Nd7 9. Qxb7 Be7 10. Ne2 O-O 11. O-O Nb6 12. Qf3 d5 13. Nf4 c6 14. Re1
Re8 15. Bd2 Qd7 16. b3 Ba3 17. c3 a5 18. Nh5 Bg6 19. Bxg6 hxg6 20. Nf4 Qf7 21.
Qh3 Bd6 22. Kf1 a4 23. Rxe8+ Rxe8 24. Re1 Rxe1+ 25. Kxe1 axb3 26. axb3 g5 27.
Nd3 Nd7 28. f4 gxf4 29. Bxf4 Qe7+ 30. Kd2 g5 31. Qg4 Qe4 32. Qxd7 Bxf4+ 33.
Nxf4 Qxf4+ 34. Kc2 Qe4+ 35. Kb2 Qxg2+ 36. Ka3 Qxh2 37. Qxc6 Qh7 38. Qxd5+ Qf7
39. Qf5 Kg7 40. b4 Qc4 41. Qf3 Kg6 42. d5 g4 43. Qg3 f5 44. Qd6+ Kg5 45. Qe7+
Kf4 46. d6 Qxc3+ 47. Ka4 Qa1+ 48. Kb5 Qf1+ 49. Kc5 Qf2+ 50. Kb5 g3 51. Qh4+ Kf3
52. d7 Qe2+ 53. Qc4 Qe5+ 54. Kc6 g2 55. Qd3+ Qe3 56. Qxf5+ Ke2 57. Qc2+ Kf3 58.
d8=Q g1=Q 59. Qf6+ Kg3 60. Qcg6+ 1-0

[Event "Zonal Amazonas 2013"]
[Site "Manaus"]
[Date "2013.06.23"]
[Round "6.7"]
[White "Farias, Igor Borge Cardoso"]
[Black "Bezerra, Fabiano De Oliveira"]
[Result "0-1"]
[WhiteElo "1681"]
[BlackElo "1915"]
[PlyCount "114"]
[EventDate "2013.06.09"]
[EventRounds "6"]
[EventCountry "BRA"]
[SourceDate "2005.09.12"]

1. c4 e6 2. g3 g6 3. Bg2 Nf6 4. Nf3 Bg7 5. O-O O-O 6. Nc3 d5 7. cxd5 Nxd5 8.
Nxd5 exd5 9. d4 c6 10. e3 Nd7 11. Ne1 Nf6 12. f4 Bf5 13. Nf3 Re8 14. Ne5 Qc8
15. Bf3 Bh3 16. Bg2 Ne4 17. Bxh3 Qxh3 18. Qg4 Qxg4 19. Nxg4 Nd6 20. Ne5 Re7 21.
g4 f6 22. Nd3 Rae8 23. b3 f5 24. g5 Nb5 25. Ne5 Bxe5 26. fxe5 c5 27. Bb2 cxd4
28. exd4 Rc8 29. a4 Nc3 30. Rf3 Ne4 31. h4 Rc2 32. Ba3 Rec7 33. e6 Re2 34. Rc1
Rxc1+ 35. Bxc1 Nd6 36. Re3 Rxe3 37. Bxe3 Kf8 38. Kg2 Ke7 39. Kf3 Kxe6 40. Bd2
a6 41. Bb4 Ne4 42. Kf4 Nf2 43. Kf3 Ng4 44. a5 h6 45. Be1 hxg5 46. hxg5 Kd6 47.
Bg3+ Kc6 48. b4 Kb5 49. Bd6 Kc4 50. Bc5 Kc3 51. Ke2 Kc4 52. Bb6 Kxb4 53. Bc7
Kb5 54. Kf3 Kc4 55. Be5 Nxe5+ 56. dxe5 Kc5 57. Ke3 d4+ 0-1

[Event "Zonal Amazonas 2013"]
[Site "Manaus"]
[Date "2013.06.23"]
[Round "6.8"]
[White "Presa, Luis Alberto Passos"]
[Black "Pessoa, Hudson Anselmo"]
[Result "0-1"]
[WhiteElo "1940"]
[BlackElo "1898"]
[PlyCount "66"]
[EventDate "2013.06.09"]
[EventRounds "6"]
[EventCountry "BRA"]
[SourceDate "2005.09.12"]

1. d4 g6 2. Nf3 d6 3. g3 Bg7 4. Bg2 c6 5. O-O Nf6 6. Nbd2 Bf5 7. Nh4 Nbd7 8.
Nxf5 gxf5 9. Nf3 Qc7 10. Nh4 e6 11. c4 Nf8 12. Bf4 Qd7 13. Qc2 Ng6 14. Nxg6
hxg6 15. c5 d5 16. Be5 Rh7 17. h3 Nh5 18. Bxg7 Rxg7 19. Bf3 Nf6 20. h4 Ke7 21.
Qd2 Nh7 22. Kg2 g5 23. hxg5 Nxg5 24. Rh1 Rag8 25. Rh5 Qc7 26. e3 Nxf3 27. Kxf3
Rxg3+ 28. Ke2 Rg2 29. Kd3 b5 30. Rah1 a5 31. R5h2 b4 32. Qe2 Rxh2 33. Rxh2 Qxh2
0-1

[Event "Zonal Amazonas 2013"]
[Site "Manaus"]
[Date "2013.06.23"]
[Round "6.9"]
[White "Farias, Sergio Luiz Cardoso"]
[Black "Andrade, Artur Diego De Souz"]
[Result "0-1"]
[WhiteElo "1537"]
[BlackElo "1709"]
[PlyCount "80"]
[EventDate "2013.06.09"]
[EventRounds "6"]
[EventCountry "BRA"]
[SourceDate "2005.09.12"]

1. e4 e6 2. d4 d5 3. exd5 exd5 4. Nf3 Nf6 5. Nc3 h6 6. Be3 Be6 7. Bd3 c6 8. O-O
Bd6 9. Re1 Nbd7 10. Qc1 Qc7 11. h3 O-O-O 12. Ne2 g5 13. g3 Bxh3 14. Kh2 Be6 15.
c4 dxc4 16. Bxc4 Ng4+ 17. Kg2 Nxe3+ 18. fxe3 Bxc4 19. Qxc4 f5 20. Qc2 f4 21. e4
c5 22. e5 cxd4 23. Qe4 g4 24. Nfxd4 f3+ 25. Nxf3 gxf3+ 26. Qxf3 Nxe5 27. Qf5+
Kb8 28. Rac1 Qd7 29. Qe4 Rc8 30. Rcd1 Qc6 31. Rd5 Rhe8 32. Rc1 Nc4 33. Qf3 Qxd5
34. Qxd5 Ne3+ 35. Kf2 Nxd5 36. Rd1 Bc5+ 37. Kf3 Re3+ 38. Kf2 Rf8+ 39. Ke1 Bb4+
40. Rd2 Rfe8 0-1

[Event "Zonal Amazonas 2013"]
[Site "Manaus"]
[Date "2013.06.23"]
[Round "6.10"]
[White "Benayon, Elismar Da Silva"]
[Black "Tavares, Vinicius dos Reis F"]
[Result "1/2-1/2"]
[WhiteElo "1854"]
[BlackElo "1727"]
[PlyCount "25"]
[EventDate "2013.06.09"]
[EventRounds "6"]
[EventCountry "BRA"]
[SourceDate "2005.09.12"]

1. Nc3 Nf6 2. e4 e6 3. f4 Bb4 4. d3 O-O 5. Nf3 Bxc3+ 6. bxc3 d5 7. e5 Ne8 8.
Be2 f5 9. O-O c5 10. d4 c4 11. Ba3 Rf7 12. Bc5 b6 13. Ba3 1/2-1/2

[Event "Zonal Amazonas 2013"]
[Site "Manaus"]
[Date "2013.06.23"]
[Round "6.11"]
[White "Dos Santos, Jardel Farias"]
[Black "Silva, Miguel Zadorosny"]
[Result "1-0"]
[WhiteElo "1800"]
[BlackElo "1781"]
[PlyCount "47"]
[EventDate "2013.06.09"]
[EventRounds "6"]
[EventCountry "BRA"]
[SourceDate "2005.09.12"]

1. e4 e5 2. Nf3 Nc6 3. Bb5 a6 4. Ba4 Nf6 5. O-O Be7 6. Re1 b5 7. Bb3 O-O 8. c3
d6 9. h3 a5 10. a4 b4 11. d4 exd4 12. cxd4 Qd7 13. d5 Nb8 14. Bg5 c5 15. Nbd2
h6 16. Bf4 Ba6 17. Nc4 Qc7 18. Qd2 Bxc4 19. Bxc4 Nh5 20. Bxh6 gxh6 21. Qxh6 Ng7
22. e5 Rd8 23. Bd3 Kf8 24. Qh8# 1-0

[Event "Zonal Amazonas 2013"]
[Site "Manaus"]
[Date "2013.06.23"]
[Round "6.12"]
[White "Silveira, Lorensen Willer Soa"]
[Black "Rodolpho Filho, Joao"]
[Result "0-1"]
[WhiteElo "1780"]
[BlackElo "1782"]
[PlyCount "48"]
[EventDate "2013.06.09"]
[EventRounds "6"]
[EventCountry "BRA"]
[SourceDate "2005.09.12"]

1. e4 c5 2. Nf3 d6 3. Be2 Nf6 4. d3 e5 5. O-O Be7 6. Nc3 O-O 7. Bg5 Nbd7 8. Qd2
Re8 9. h3 h6 10. Bh4 a6 11. Bxf6 Nxf6 12. b3 b5 13. a4 b4 14. Na2 Bb7 15. c3 a5
16. Rfe1 Bf8 17. Bf1 Qc7 18. Nc1 Rad8 19. Ne2 d5 20. Ng3 dxe4 21. Nh2 exd3 22.
c4 e4 23. Rad1 Bd6 24. Re3 Bf4 0-1

[Event "Col Ch "]
[Site "Ibague "]
[Date "2013.07.01"]
[Round "1.1"]
[White "Barrientos, Sergio E"]
[Black "Garavito, Miguel Angel"]
[Result "1-0"]
[WhiteElo "2476"]
[BlackElo "2263"]
[PlyCount "109"]
[EventDate "2013.07.01"]
[EventType "swiss"]
[EventRounds "11"]
[EventCountry "COL"]
[SourceDate "2005.09.12"]

1. e4 e5 2. Nf3 Nc6 3. Bb5 a6 4. Ba4 Nf6 5. d3 b5 6. Bb3 Bc5 7. a4 Rb8 8. Nc3
h6 9. O-O d6 10. axb5 axb5 11. h3 O-O 12. Be3 Re8 13. Nd5 Nxd5 14. Bxd5 Bd7 15.
c3 Ne7 16. Bb3 Ng6 17. d4 Bb6 18. Re1 Be6 19. Bc2 Qf6 20. Nh2 Nf4 21. Qf3 g5
22. d5 Bd7 23. Bxb6 Rxb6 24. Ra7 Rc8 25. Ng4 Qg7 26. Ne3 h5 27. Kh2 g4 28. Qg3
Qg5 29. h4 Qf6 30. f3 Kh7 31. fxg4 hxg4 32. Qf2 b4 33. g3 b3 34. Bb1 Nh5 35.
Qxf6 Nxf6 36. Bd3 Kg7 37. Rea1 Bb5 38. Nf5+ Kf8 39. Bxb5 Rxb5 40. R1a4 Rb6 41.
Kg2 Ke8 42. Kf2 Kd7 43. Ke3 Nh5 44. Kd3 Ke8 45. c4 Kd7 46. R4a5 Nf6 47. Ra1 Ke8
48. Rf1 Nd7 49. h5 Nc5+ 50. Ke3 Rb4 51. h6 Kd7 52. Ng7 Rf8 53. Nh5 Rxc4 54.
Nf6+ Kd8 55. h7 1-0

[Event "Col Ch "]
[Site "Ibague "]
[Date "2013.07.01"]
[Round "1.3"]
[White "Gallego Alcaraz, Andres Felipe"]
[Black "Beltran, Carlos Armando"]
[Result "1-0"]
[WhiteElo "2414"]
[BlackElo "2237"]
[PlyCount "55"]
[EventDate "2013.07.01"]
[EventType "swiss"]
[EventRounds "11"]
[EventCountry "COL"]
[SourceDate "2005.09.12"]

1. d4 e6 2. Nf3 Nf6 3. c4 b6 4. a3 Bb7 5. Nc3 Be7 6. d5 O-O 7. e4 exd5 8. cxd5
Re8 9. Be2 d6 10. O-O a5 11. Nd4 Bf8 12. Bb5 Nfd7 13. Re1 g6 14. Be3 Bg7 15.
Rc1 h6 16. b4 axb4 17. axb4 Re7 18. Nc6 Bxc6 19. dxc6 Nf6 20. Bd4 Ne8 21. Nd5
Re6 22. Bxb6 cxb6 23. c7 Nxc7 24. Nxc7 Re5 25. Nxa8 Rxb5 26. Nc7 Rh5 27. Nd5
Nd7 28. Rc8 1-0

[Event "Col Ch "]
[Site "Ibague "]
[Date "2013.07.01"]
[Round "1.4"]
[White "Pardo, Alejandro"]
[Black "Ruiz C, Joshua D"]
[Result "1-0"]
[WhiteElo "2232"]
[BlackElo "2409"]
[PlyCount "41"]
[EventDate "2013.07.01"]
[EventType "swiss"]
[EventRounds "11"]
[EventCountry "COL"]
[SourceDate "2005.09.12"]

1. d4 Nf6 2. Nf3 e6 3. e3 b6 4. Bd3 Bb7 5. Nbd2 Be7 6. b3 d5 7. O-O O-O 8. Ne5
c5 9. Bb2 Nc6 10. a3 cxd4 11. exd4 Nxe5 12. dxe5 Ne4 13. Bxe4 dxe4 14. Re1 Rc8
15. c4 b5 16. cxb5 Qb6 17. Nxe4 Rfd8 18. Nd6 Bxd6 19. exd6 Rxd6 20. Qg4 e5 21.
Rxe5 1-0

[Event "Col Ch "]
[Site "Ibague "]
[Date "2013.07.01"]
[Round "1.5"]
[White "Martinez Romero, Martin"]
[Black "Ruge, Edison"]
[Result "1-0"]
[WhiteElo "2402"]
[BlackElo "2231"]
[PlyCount "89"]
[EventDate "2013.07.01"]
[EventType "swiss"]
[EventRounds "11"]
[EventCountry "COL"]
[SourceDate "2005.09.12"]

1. e4 e5 2. Nf3 Nc6 3. Bb5 f5 4. d3 fxe4 5. dxe4 Nf6 6. Nc3 Bb4 7. O-O Bxc3 8.
bxc3 d6 9. Qd3 Qe7 10. a4 a6 11. Bc4 Be6 12. Bxe6 Qxe6 13. Ng5 Qe7 14. Rb1 Rb8
15. Qc4 Nd8 16. f4 h6 17. Nf3 Qf7 18. Qe2 O-O 19. fxe5 dxe5 20. Nxe5 Qe8 21.
Qc4+ Qe6 22. Qxe6+ Nxe6 23. Ba3 c5 24. Rb6 Rfe8 25. Rxf6 gxf6 26. Nd7 Kf7 27.
Nxb8 Rxb8 28. Bc1 h5 29. g3 Nd8 30. Rd6 b5 31. a5 Ra8 32. Be3 Ne6 33. Rd7+ Ke8
34. Rh7 Rd8 35. Rh8+ Ke7 36. Rxh5 Rd1+ 37. Kf2 Ra1 38. Bxc5+ Kf7 39. Bb4 Rc1
40. Rh7+ Ng7 41. Rh8 Rxc2+ 42. Ke3 Ne6 43. h4 Rc1 44. Ra8 Re1+ 45. Kf3 1-0

[Event "Col Ch "]
[Site "Ibague "]
[Date "2013.07.01"]
[Round "1.6"]
[White "Contreras, Henry"]
[Black "Zuluaga, Cesar"]
[Result "0-1"]
[WhiteElo "2230"]
[BlackElo "2402"]
[PlyCount "148"]
[EventDate "2013.07.01"]
[EventType "swiss"]
[EventRounds "11"]
[EventCountry "COL"]
[SourceDate "2005.09.12"]

1. e4 c5 2. Nf3 a6 3. d3 Nc6 4. g3 e6 5. Bg2 Nf6 6. O-O d5 7. e5 Nd7 8. Re1 Be7
9. h4 b5 10. Bf4 h6 11. Qd2 Nd4 12. h5 Bb7 13. c3 Nc6 14. d4 b4 15. Qe3 a5 16.
Nbd2 Qb6 17. Nf1 a4 18. Red1 a3 19. Rab1 axb2 20. Rxb2 Ra3 21. Qc1 Qa7 22. c4
Rc3 23. Rc2 Nxd4 24. Nxd4 cxd4 25. cxd5 Bxd5 26. Bxd5 exd5 27. Qb1 O-O 28. Rcd2
Bc5 29. Qf5 Re8 30. Nh2 Nf8 31. Bxh6 gxh6 32. Ng4 Re6 33. Qf4 Nh7 34. Nxh6+
Rxh6 35. Qxh6 Qe7 36. Rxd4 Bxd4 37. Rxd4 Qxe5 38. Rg4+ Kh8 39. Qb6 Rc8 40. Qxb4
Qxh5 41. Qb2+ f6 42. Rh4 Qf5 43. a4 Kg8 44. Kg2 Ng5 45. Qe2 Kf7 46. a5 Re8 47.
Qh5+ Qg6 48. Qd1 Qf5 49. Qh5+ Ke7 50. a6 Ra8 51. Ra4 Qe6 52. a7 Qc6 53. Qe2+
Kf7 54. Ra6 Qc4 55. Qxc4 dxc4 56. Rc6 Rxa7 57. Rxc4 Ra2 58. g4 Rd2 59. Rf4 Ne6
60. Ra4 Rd4 61. Ra7+ Kg6 62. f3 Rd2+ 63. Kg3 Rd3 64. Ra1 Nd4 65. Rf1 Kg5 66.
Rf2 Rc3 67. Rf1 Rb3 68. Rf2 Rd3 69. Rf1 Re3 70. Rf2 Ne2+ 71. Kh3 Kf4 72. Kh4
Re5 73. Kh3 Nd4 74. Kg2 Re2 0-1

[Event "Col Ch "]
[Site "Ibague "]
[Date "2013.07.01"]
[Round "1.7"]
[White "Mosquera, Miguel"]
[Black "Valle, Efrain"]
[Result "1-0"]
[WhiteElo "2391"]
[BlackElo "2229"]
[PlyCount "101"]
[EventDate "2013.07.01"]
[EventType "swiss"]
[EventRounds "11"]
[EventCountry "COL"]
[SourceDate "2005.09.12"]

1. e4 c5 2. Nf3 e6 3. d4 cxd4 4. Nxd4 a6 5. Nc3 Qc7 6. f4 Bb4 7. Qf3 Nf6 8. Bd2
d5 9. exd5 Bxc3 10. Bxc3 Nxd5 11. Bd2 Nc6 12. Nxc6 Qxc6 13. c4 Ne7 14. Qxc6+
Nxc6 15. Bc3 O-O 16. O-O-O Rd8 17. Be2 Bd7 18. Bf3 Be8 19. a4 Rxd1+ 20. Rxd1
Rd8 21. b4 Rc8 22. Kb2 b6 23. b5 axb5 24. axb5 Ne7 25. Kb3 Nf5 26. Ra1 Nd6 27.
Ra8 Rxa8 28. Bxa8 Nxb5 29. cxb5 Bxb5 30. Bd4 Bd3 31. Bxb6 Be2 32. Kc3 Bf1 33.
Kd4 Be2 34. Ke5 Bd1 35. Kd6 Be2 36. Ke7 Bb5 37. Be4 Ba4 38. Bd4 Bb5 39. Be5 Ba4
40. g4 Bd1 41. h3 h6 42. Bd3 Bf3 43. Bc4 Be4 44. h4 Bc2 45. Bb5 Bd1 46. g5 hxg5
47. hxg5 Bf3 48. Bc4 Bg4 49. g6 fxg6 50. Bxe6+ Bxe6 51. Kxe6 1-0

[Event "Col Ch "]
[Site "Ibague "]
[Date "2013.07.01"]
[Round "1.9"]
[White "Panesso Rivera, Henry"]
[Black "Dominguez, Ramiro"]
[Result "1-0"]
[WhiteElo "2341"]
[BlackElo "2225"]
[PlyCount "65"]
[EventDate "2013.07.01"]
[EventType "swiss"]
[EventRounds "11"]
[EventCountry "COL"]
[SourceDate "2005.09.12"]

1. c4 Nf6 2. g3 e6 3. Bg2 d5 4. d4 Be7 5. Nf3 O-O 6. O-O a6 7. Qc2 dxc4 8. a4
Nc6 9. Qxc4 Na5 10. Qc2 Nd5 11. Ne5 Nb4 12. Qc3 Bd7 13. Nd2 Nac6 14. Ndc4 Be8
15. Rd1 Nd5 16. Qd2 Bb4 17. Qc2 b5 18. Ne3 Nce7 19. axb5 Bxb5 20. N3c4 Rc8 21.
e4 Nb6 22. b3 Ng6 23. Nd3 Be7 24. Bb2 c6 25. h4 Re8 26. Qc3 Nd5 27. exd5 cxd5
28. Nc5 dxc4 29. bxc4 Bc6 30. Bxc6 Rxc6 31. d5 Bf6 32. dxc6 Qb6 33. Nd7 1-0

[Event "Col Ch "]
[Site "Ibague "]
[Date "2013.07.01"]
[Round "1.10"]
[White "Nunez V, Daniel"]
[Black "Torres, Juan Camilo"]
[Result "1/2-1/2"]
[WhiteElo "2225"]
[BlackElo "2341"]
[PlyCount "119"]
[EventDate "2013.07.01"]
[EventType "swiss"]
[EventRounds "11"]
[EventCountry "COL"]
[SourceDate "2005.09.12"]

1. Nf3 d5 2. c4 c6 3. g3 Nf6 4. Bg2 Bf5 5. O-O e6 6. d4 Be7 7. Nc3 h6 8. Ne5
Nbd7 9. cxd5 exd5 10. Bf4 O-O 11. h3 Re8 12. Qd2 Nf8 13. g4 Bh7 14. Bg3 Ne6 15.
e3 Ne4 16. Nxe4 Bxe4 17. f3 Bh7 18. Rfd1 Bd6 19. f4 f6 20. Nd3 Qe7 21. Rf1 Nc7
22. Rae1 Be4 23. Bf3 Rad8 24. Bd1 Ne6 25. Kh2 Kh8 26. a3 Bb8 27. Rg1 c5 28. Nf2
Bh7 29. h4 g5 30. hxg5 hxg5 31. f5 Bxg3+ 32. Kxg3 Nf8 33. Bf3 b6 34. Kg2 Qd6
35. Rd1 Kg7 36. Rge1 Bg8 37. b4 Bf7 38. e4 dxe4 39. Nxe4 Qxd4 40. Qc2 Qc4 41.
Qb2 Qa2 42. Qxa2 Bxa2 43. bxc5 Rxd1 44. Rxd1 bxc5 45. Rd6 Bf7 46. Nxc5 Re7 47.
a4 Rc7 48. Rc6 Rxc6 49. Bxc6 Bc4 50. Kf2 Kf7 51. Ke3 Ke7 52. Ne4 Bf1 53. Ng3
Kd6 54. Be8 Bg2 55. Bb5 Bc6 56. Ne4+ Bxe4 57. Kxe4 Kc5 58. Kd3 a5 59. Ke4 Nh7
60. Be8 1/2-1/2

[Event "Col Ch "]
[Site "Ibague "]
[Date "2013.07.01"]
[Round "1.11"]
[White "Mendoza, Rafael"]
[Black "Munoz, Jhon Edison"]
[Result "1-0"]
[WhiteElo "2334"]
[BlackElo "2214"]
[PlyCount "99"]
[EventDate "2013.07.01"]
[EventType "swiss"]
[EventRounds "11"]
[EventCountry "COL"]
[SourceDate "2005.09.12"]

1. e4 c5 2. Nc3 a6 3. g3 b5 4. Bg2 Bb7 5. d3 e6 6. Nf3 d6 7. O-O Nd7 8. Ng5 Be7
9. f4 Bxg5 10. fxg5 Ne7 11. Qh5 Ng6 12. Bf4 Nde5 13. Rae1 Qe7 14. Be3 O-O 15.
h4 b4 16. Nb1 d5 17. exd5 Bxd5 18. Nd2 Bxg2 19. Kxg2 Qb7+ 20. Kg1 Qd5 21. b3 a5
22. Qe2 Ne7 23. Qg2 Qxg2+ 24. Kxg2 Nd7 25. Ne4 Rac8 26. g4 Rc6 27. Kg3 Nd5 28.
h5 f5 29. gxf6 N5xf6 30. Nxf6+ gxf6 31. g5 f5 32. Bf4 Kf7 33. Re2 Rg8 34. Kh4
a4 35. Rfe1 a3 36. Rg1 e5 37. Rge1 Re8 38. Bh2 Ree6 39. Bxe5 Rc8 40. Bg3 Rxe2
41. Rxe2 Rc6 42. Rf2 Ke6 43. Bf4 Kd5 44. Kg3 Re6 45. Bc7 Kc6 46. Bd8 Re5 47.
Kf4 Rd5 48. Re2 Nf8 49. Bf6 Kd7 50. Re5 1-0

[Event "Col Ch "]
[Site "Ibague "]
[Date "2013.07.01"]
[Round "1.12"]
[White "Ramirez, Benjamin Dario"]
[Black "Hernandez Sanchez, Jairo Andre"]
[Result "1/2-1/2"]
[WhiteElo "2214"]
[BlackElo "2320"]
[PlyCount "49"]
[EventDate "2013.07.01"]
[EventType "swiss"]
[EventRounds "11"]
[EventCountry "COL"]
[SourceDate "2005.09.12"]

1. e4 c5 2. Nf3 g6 3. c3 Bg7 4. d4 cxd4 5. cxd4 d5 6. e5 Nc6 7. Bb5 Bg4 8. Nc3
e6 9. h3 Bxf3 10. Qxf3 Qb6 11. Qd3 Nge7 12. O-O O-O 13. Rd1 Nb4 14. Qe2 Nf5 15.
Be3 Rfc8 16. a3 Nc6 17. Qd3 Na5 18. b4 Nc4 19. Bxc4 Rxc4 20. Ne2 Rac8 21. Bg5
h6 22. Bf4 Qa6 23. Kh2 Qa4 24. g4 Ne7 25. Rdc1 1/2-1/2